Les différentes formes de combat au sabre laser dans Star Wars - Statistiques

Statistiques générales
  • Ce quiz a été pris 76 fois
  • Le résultat moyen est 5 sur 12
Statistiques - réponses
Formes de combat au sabre laser % Correct
Vaapad
78%
Ataru
76%
Djem So
76%
Soresu
73%
Makashi
51%
Juyo
38%
Niman
27%
Jar'Kai
22%
Shii Cho
20%
Trakata
18%
Sokan
11%
Shien So
4%
Aucun quiz correspondant
Distribution des résultats
% des personnes avec chaque résultat
Percentile par nombre de réponses
Votre historique - résultats
Vous n’avez pas pris ce quiz